| 000 -LEADER |
| fixed length control field |
00306nam a22001217a 4500 |
| 008 - FIXED-LENGTH DATA ELEMENTS--GENERAL INFORMATION |
| fixed length control field |
250217b ||||| |||| 00| 0 eng d |
| 020 ## - INTERNATIONAL STANDARD BOOK NUMBER |
| International Standard Book Number |
9780857342652 |
| 082 ## - DEWEY DECIMAL CLASSIFICATION NUMBER |
| Classification number |
789.2 |
| 100 ## - MAIN ENTRY--PERSONAL NAME |
| Personal name |
WILLIAMS,BRIAN |
| Relator term |
AUTHOR |
| 245 ## - TITLE STATEMENT |
| Title |
SPACE |
| 260 ## - PUBLICATION, DISTRIBUTION, ETC. |
| Place of publication, distribution, etc. |
COTTAGE FARM,SYWELL.NN6 OBJ |
| Name of publisher, distributor, etc. |
IGLOO BOOKS LTD |
| Date of publication, distribution, etc. |
2010 |
| 942 ## - ADDED ENTRY ELEMENTS (KOHA) |
| Source of classification or shelving scheme |
|